000 00370nam a22001457a 4500
005 20170621092446.0
008 170621b xxu||||| |||| 00| 0 eng d
020 _a978-81-219-2624-6
041 _aeng
100 _aGHOSE, DR JAYA SHREE
_93873
245 _aFUNDAMENTAL CONCEPTS OF APPLIED CHEMISTRY
260 _aNEW DELHI
_bS CHAND
_c2006
300 _a433
942 _cBK
999 _c5481
_d5479